000
00314pam a2200145 a 4500
020
_c
041
_h
082
_b
89
100
_a
John Wilimshurat, Adrian Mackay.
245
_a
Fundamentals of Advertising
_h
Textual Documents
250
_a
1999.
260
_a
Pune:
_b
ISBA.
300
_a
384.
930
_a
88
999
_c
233878
_d
233878